Normal view
MARC view
Entry Personal Name
001 - CONTROL NUMBER
- control field: 26950
003 - CONTROL NUMBER IDENTIFIER
- control field: Doon University
005 - DATE AND TIME OF LATEST TRANSACTION
- control field: 20260530150326.0
008 - FIXED-LENGTH DATA ELEMENTS
- fixed length control field: 260530|| aca||aabn | a|a d
040 ## - CATALOGING SOURCE
- Original cataloging agency: Doon University
- Transcribing agency: Doon University
100 ## - HEADING--PERSONAL NAME
- Personal name: Osterle, David (ed)
670 ## - SOURCE DATA FOUND
- Source citation: Work cat.: (Doon University)60928: Hemecker, Wilhelm (ed) 26948, Tradition in der Literatur der Wiener Moderne, 2019